|
|
|
|
| LEADER |
00000naa2a2200000 4500 |
| 001 |
229155 |
| 005 |
20231031202035.0 |
| 035 |
|
|
|a (RuTPU)RU\TPU\book\249709
|
| 035 |
|
|
|a RU\TPU\book\240083
|
| 090 |
|
|
|a 229155
|
| 100 |
|
|
|a 20121226d1998 k y0rusy50 ca
|
| 101 |
0 |
|
|a rus
|
| 102 |
|
|
|a RU
|
| 200 |
1 |
|
|a Рациональное использование торфяных ресурсов Томской области
|f Л. И. Инишева [и др.]
|
| 320 |
|
|
|a Библиогр.: с. 179 (3 назв.)
|
| 330 |
|
|
|a В современных условиях возрастает роль комплексного использования торфяных ресурсов, сущность которого можно охарактеризовать как комбинирование производств продукции из торфа, основанное на полном и рациональном использовании площадей, запасов торфа и его свойств на каждом месторождении. Отсюда при разработке приемов освоения массивов необходимо предусматривать их комплексное использование, как по площади, так и по запасам. На примере четырех разных торфяных месторождений по свойствам торфов и стратиграфии залежи {Суховское, Аркадьево, Айгарово, Васюганское (уч. 5 у с. Красный Бакчар)} показаны направления их комплексного использования.
|
| 461 |
|
0 |
|0 (RuTPU)RU\TPU\book\44719
|t Актуальные вопросы геологии и географии Сибири
|o материалы научной конференции, посвященной 120-летию основания Томского государственного университета, Томск, 1-4 апреля 1998 г.
|f Томский государственный университет
|d 1998-
|
| 463 |
|
0 |
|0 (RuTPU)RU\TPU\book\43956
|t Т. 4
|v С. 177-179
|d 1998
|p 233 с.
|
| 610 |
1 |
|
|a труды учёных ТПУ
|
| 701 |
|
1 |
|a Инишева
|b Л. И.
|
| 701 |
|
1 |
|a Маслов
|b С. Г.
|c специалист в области химической технологии топлива
|c доцент Томского политехнического университета, кандидат технических наук
|f 1939-
|g Станислав Григорьевич
|2 stltpush
|3 (RuTPU)RU\TPU\pers\26203
|4 070
|
| 701 |
|
1 |
|a Архипов
|b В. С.
|c химик-технолог
|c доцент Томского политехнического университета, кандидат химических наук
|f 1939-
|g Виктор Сергеевич
|2 stltpush
|3 (RuTPU)RU\TPU\pers\24792
|4 070
|
| 701 |
|
1 |
|a Савичева
|b О. Г.
|
| 801 |
|
1 |
|a RU
|b 63413507
|c 20120802
|
| 801 |
|
2 |
|a RU
|b 63413507
|c 20121226
|g RCR
|
| 942 |
|
|
|c BK
|